02744nam a2200301 u 4500001000800000005001700008007001000025008004100035035001200076040001300088041000800101080000700109100005900116245017400175260003500349300001300384520159700397650004401994650003702038650005302075650004402128700004902172942001002221999001902231502001202250526000802262952017202270142996220260508090140.0co|||||||151216s2015 spa  a1429962 ccomduadb aspa aWI10aRodríguez Sánchez, Alex Fernando4auteaut974195410aRelación entre la potabilización del agua y la mortalidad por enfermedad diarreica aguda en niños menores de cinco años en el departamento de Antioquia 2009-2012 aMedellín :bAutor(a),c2015. a1 CD-ROM3 aObjetivo: Explorar la relación entre la potabilización del agua y la mortalidad por enfermedad diarreica aguda en menores de cinco años, en el departamento de Antioquia 2009 - 2012. Métodos: Estudio descriptivo ecológico exploratorio. Utilizando fuentes secundarias de estadísticas vitales y del índice de riesgo de calidad de agua, se calcularon tasas de mortalidad por subregión según proyecciones poblacionales. Se efectuó análisis de correlación de "Spearman" entre tasa de mortalidad y el IRCA, con significación de 0.05, se representó el comportamiento geográfico de la mortalidad y la calidad del agua mediante mapas temáticos. Resultados: Se registraron 85 muertes por EDA en Antioquia, 65% de las defunciones ocurrieron en menores de un año, adolescentes entre los 10 y 14 años aportan más a las cifras de defunción. La calidad del agua según el IRCA para el área urbana obtuvo clasificación "sin riesgo". Los promedios oscilaron entre 2.9 y 7.4%, desviación entre 3.4 y 13.2%, el 72% de las muertes ocurrieron en municipios donde el agua fue clasificada "apta para el consumo humano" con una mediana 0.5% (0.3 – 1), la relación entre la tasa de mortalidad y el IRCA para el área urbana fue estadísticamente significativa, con un coeficiente de correlación Spearman = 0.732 (p = 0,0001). Conclusiones: La mortalidad por EDA ha disminuido moderadamente para Antioquia y una de las causas relacionadas es la calidad del agua, un tratamiento adecuado del líquido influirá positivamente en la disminución de la mortalidad.  aEnfermedad diarreica aguda (EDA)975111 aPotabilización del agua958420 7aAgua potablexAspectos sanitarios2embne9207474 aMortalidad infantil - Antioquia921380110aLeón Álvarez, Alba Luz4thseths9409745 cTESIS c728287d728287 b278c20 a280 001040708AUDIOVISUAaBSPbBSPd2015-12-16eMaterial adquirido por donacióniC1238503l0oWI407 R6-15 CD-ROMp01013772r2024-01-23 00:00:00t1w2023-05-03yDIGITAL